Confronting the question of justice in Guatemala /

Furkejuvvon:
Bibliográfalaš dieđut
Váldodahkki: McSherry, J. Patrice
Eará dahkkit: Molina Mejía, Raúl
Materiálatiipa: Texto
Fáttát:
Fáddágilkorat: Lasit fáddágilkoriid
Eai fáddágilkorat, Lasit vuosttaš fáddágilkora!

MARC

LEADER 00000 a a2200000 04500
001 18197
003
040
100 |a McSherry, J. Patrice  
245 |a Confronting the question of justice in Guatemala /  |c  J. Patrice McSherry  
650 |a ADMINISTRACION DE JUSTICIA  
650 |a DERECHOS HUMANOS  
650 |a GOBIERNO  
650 |a FUERZAS ARMADAS  
650 |a VIOLENCIA  
650 |a ONU  
650 |a ESTADO  
650 |a PAZ  
650 |a ORGANIZACIONES SOCIALES  
650 |a MOVIMIENTOS SOCIALES  
700 |a Molina Mejía, Raúl  
773 |g volumen 49, número 3; páginas 1-28  
999 |c 20390  |d 20390